Statistics for US States With Similar Names #1

Click here to take the quiz!

General Stats

  • This quiz has been taken 33 times
  • The average score is 9 of 10

Answer Stats

% Correct
Bam
100%
Dakota
100%
NorthCarolina
97%
Mexico
97%
WestVirginia
97%
Hampshire
94%
Sk
94%
York
94%
Ar
90%
NewJersey
84%

Score Distribution

Percentile by Number Answered

Percent of People with Each Score

Your Score History

You have not taken this quiz